| 000 | 00676nam a2200205Ia 4500 | ||
|---|---|---|---|
| 003 | OSt | ||
| 005 | 20250409104930.0 | ||
| 008 | 210210b1984 xxu||||| |||| 00| 0 eng d | ||
| 040 | _cAL | ||
| 041 | _aKannada | ||
| 082 | _aK894.9 SHAV | ||
| 100 |
_aSHANKAR (D A). _dಶಂಕರ್ (ಡಿ ಎ) _9208009 |
||
| 245 |
_aVastu vinyasa. _bವಾಸ್ತು ವಿನ್ಯಾಸ |
||
| 260 |
_aSagara _bAkshara Prakashana _c1984 |
||
| 300 | _aviii,,108 | ||
| 650 |
_aChittala Ata Mukajjiya Kanasugalu Sarasvatibayi Rajavade Pu Ti Na Kuvempu Vimarshe Rangabhumi Chaluvaligalu Murudarigalu _9208010 |
||
| 690 |
_aKannada Criticism _9208011 |
||
| 906 | _a036725 | ||
| 942 |
_2ddc _cBK |
||
| 999 |
_c87262 _d87262 |
||